| 000 | 00469nam a2200133 a 4500 | ||
|---|---|---|---|
| 008 | 120416s1968 ||||||||||||||||| || u | ||
| 050 | _aQD 261 Dan | ||
| 100 | _aDannley, Ralph L | ||
| 245 | 1 | 0 | _aExperimental organic chemistry |
| 260 |
_aLondon _bMacmillan _c1968 |
||
| 300 | _ax, 341p. : ill. | ||
| 350 | _a0.00 | ||
| 995 |
_D0.00 _FCBU-MAIN LIBRARY (Kitwe) _H1 _I3.95 _M1 _UAVAILABLE _ZMain Library Open Access Collection |
||
| 999 |
_c42892 _d42892 |
||